[Event "St Stefan\Belgrade m"]
[Site "Belgrade"]
[Date "1992.??.??"]
[Round "?"]
[White "Spassky, B."]
[Black "Fischer, R."]
[Result "0-1"]
[WhiteElo "2560"]
[BlackElo "2780"]
[PlyCount "72"]
[EventDate "1992.??.??"]
[Source "www.chesslib.no"]
[SourceDate "2004.05.04"]

1. d4 Nf6 2. c4 c5 3. d5 d6 4. Nc3 g6 5. e4 Bg7 6. Bg5 h6 7. Bh4 g5 8. Bg3 Qa5 9. Bd3 Nxe4 10. Bxe4 Bxc3+ 11. bxc3 Qxc3+ 12. Kf1 f5 13. Rc1 Qf6 14. h4 g4 15. Bd3 f4 16. Ne2 fxg3 17. Nxg3 Rf8 18. Rc2 Nd7 19. Qxg4 Ne5 20. Qe4 Bd7 21. Kg1 O-O-O 22. Bf1 Rg8 23. f4 Nxc4 24. Nh5 Qf7 25. Qxc4 Qxh5 26. Rb2 Rg3 27. Be2 Qf7 28. Bf3 Rdg8 29. Qb3 b6 30. Qe3 Qf6 31. Re2 Bb5 32. Rd2 e5 33. dxe6 Bc6 34. Kf1 Bxf3 35. gxf3 Qa1+ 36. Ke2 Qxh1 0-1

[Event "EU-chT (Men)"]
[Site "Batumi"]
[Date "1999.12.04"]
[Round "6.1"]
[White "Jussupow, Artur"]
[Black "Topalov, Veselin"]
[Result "1/2-1/2"]
[WhiteElo "2636"]
[BlackElo "2690"]
[PlyCount "37"]
[EventDate "1999.11.06"]
[Source "ChessBase"]
[SourceDate "2000.02.01"]

1. d4 Nf6 2. c4 c5 3. d5 g6 4. Nc3 Bg7 5. e4 d6 6. Bd3 e6 7. Nf3 exd5 8. exd5 O-O 9. O-O Bg4 10. h3 Bxf3 11. Qxf3 Nbd7 12. Qd1 Ne8 13. Be3 a6 14. Qd2 Qa5 15. Ne4 Qxd2 16. Bxd2 f5 17. Ng5 Nc7 18. Rae1 Ne5 19. Be2 1/2-1/2

[Event "II Open Rapid"]
[Site "Canada de Calatrava SPA"]
[Date "2007.04.08"]
[Round "9"]
[White "Karpov, Ana"]
[Black "Miton, K."]
[Result "1/2-1/2"]
[WhiteElo "2668"]
[BlackElo "2655"]
[PlyCount "48"]
[EventDate "2007.04.06"]
[Source "www.chesslib.no"]
[SourceDate "2004.05.04"]

1. d4 Nf6 2. c4 g6 3. Nc3 Bg7 4. e4 O-O 5. Be3 d6 6. h3 c6 7. Nf3 a6 8. Bd3 b5 9. O-O bxc4 10. Bxc4 d5 11. Bd3 dxe4 12. Nxe4 Be6 13. Nxf6+ Bxf6 14. Ng5 Bd5 15. Ne4 Bg7 16. Nc3 Qb6 17. Na4 Qa7 18. Be2 Nd7 19. b3 Rfd8 20. Qd2 a5 21. Rac1 Nb6 22. Nc5 Nd7 23. Na4 Nb6 24. Nc5 Nd7 1/2-1/2

[Event "Dos Hermanas"]
[Site "?"]
[Date "2003.03.16"]
[Round "9"]
[White "Dobrev Nanko"]
[Black "Wojtkiewicz Aleksander"]
[Result "0-1"]
[WhiteElo "2511"]
[BlackElo "2758"]
[PlyCount "82"]
[EventDate "2003.??.??"]
[Source "www.chesslib.no"]
[SourceDate "2004.05.04"]

1. d4 Nf6 2. Nf3 g6 3. c4 Bg7 4. Nc3 O-O 5. e4 c6 6. d5 d6 7. Be2 Bg4 8. Be3 Bxf3 9. gxf3 Na6 10. Qd2 Qa5 11. h4 Rfe8 12. f4 Nc5 13. e5 Nb3 14. axb3 Qxa1+ 15. Nd1 dxe5 16. fxe5 Ne4 17. Qd3 cxd5 18. cxd5 Qa5+ 19. Kf1 Nc5 20. Qc4 Nd7 21. b4 Qa1 22. f4 Rac8 23. Qb3 Nb6 24. Kg2 Rc1 25. Bxc1 Qxc1 26. Qe3 Qc2 27. Kg3 Nxd5 28. Qf3 e6 29. Ne3 Nxe3 30. Qxe3 Qxb2 31. b5 Rc8 32. Rd1 h5 33. Kf2 Bf8 34. Kf1 Bc5 35. Qe4 Bb6 36. Qxb7 Rc1 37. Qd7 Rxd1+ 38. Qxd1 Qb4 39. Qc1 Qd4 40. Qc8+ Kg7 41. Ke1 Qxf4 0-1

[Event "Wijk aan Zee"]
[Site "?"]
[Date "1992.??.??"]
[Round "?"]
[White "Seirawan, Yasser"]
[Black "Gelfand, Boris"]
[Result "1/2-1/2"]
[WhiteElo "2600"]
[BlackElo "2665"]
[PlyCount "55"]
[EventDate "1992.??.??"]
[Source "www.chesslib.no"]
[SourceDate "2004.05.04"]

1. d4 Nf6 2. c4 g6 3. Nc3 Bg7 4. e4 d6 5. Bd3 O-O 6. Nge2 Nc6 7. O-O e5 8. d5 Nd4 9. Nxd4 exd4 10. Nb5 Qe7 11. Re1 Ng4 12. h3 Nxf2 13. Kxf2 a6 14. Na3 Be5 15. Rf1 Qh4+ 16. Ke2 f5 17. exf5 Bxf5 18. Rxf5 gxf5 19. Kf1 Qg3 20. Qf3 Qh2 21. Ke2 Kh8 22. Bg5 Rg8 23. h4 h6 24. Rf1 hxg5 25. Qh5+ Kg7 26. Qxg5+ Kh7 27. Qh5+ Kg7 28. Qg5+ 1/2-1/2

[Event "Ch Spain (team) (Honor Gr.1)"]
[Site "Lugo (Spain)"]
[Date "2007.06.21"]
[Round "2"]
[White "Sargissian Gabriel (ARM)"]
[Black "Hracek Zbynek (CZE)"]
[Result "1/2-1/2"]
[WhiteElo "2651"]
[BlackElo "2613"]
[PlyCount "32"]
[EventDate "2007.??.??"]
[Source "www.chesslib.no"]
[SourceDate "2004.05.04"]

1. d4 Nf6 2. c4 g6 3. Nc3 Bg7 4. e4 d6 5. Bd3 O-O 6. Nge2 c5 7. d5 e6 8. O-O exd5 9. exd5 Ng4 10. Bc2 Re8 11. Bf4 Ne5 12. b3 Nbd7 13. Qd2 f5 14. h3 Nf6 15. Be3 Bd7 16. Rfe1 Qa5 1/2-1/2

[Event "Nationale I"]
[Site "Bordeaux"]
[Date "2003.04.03"]
[Round "4.2"]
[White "Sokolov, Ivan"]
[Black "David, Alberto"]
[Result "1-0"]
[WhiteElo "2688"]
[BlackElo "2548"]
[PlyCount "75"]
[EventDate "2003.04.03"]
[Source "Roberto Alvarez"]
[SourceDate "2003.04.07"]

1. d4 Nf6 2. c4 g6 3. Nc3 Bg7 4. e4 d6 5. Bd3 O-O 6. Nge2 Nc6 7. O-O Nh5 8. Bc2 e5 9. d5 Ne7 10. a4 Kh8 11. Ra3 f5 12. exf5 gxf5 13. Ng3 Nxg3 14. fxg3 Ng6 15. Ne2 Bd7 16. Be3 Qe7 17. h3 Rf7 18. a5 Qf8 19. Rf2 Kg8 20. Qf1 a6 21. Kh1 Re8 22. Bc1 e4 23. Be3 Be5 24. Nf4 Nxf4 25. gxf4 Bf6 26. Bd1 Qh6 27. Rb3 Bc8 28. c5 Kh8 29. Rc2 Rg8 30. cxd6 cxd6 31. Rb6 Qf8 32. b4 Qd8 33. b5 axb5 34. Qxb5 h6 35. Qb4 Rd7 36. a6 bxa6 37. Rb8 a5 38. Qc4 1-0

[Event "Amplico AIG Life Gp3"]
[Site "Warsaw"]
[Date "2004.12.19"]
[Round "2"]
[White "Aleksandrov, Aleksej"]
[Black "Socko, Bartosz"]
[Result "1-0"]
[WhiteElo "2659"]
[BlackElo "2570"]
[PlyCount "93"]
[EventDate "2004.12.18"]
[Source "Roberto Alvarez"]
[SourceDate "2004.12.13"]

1. d4 Nf6 2. c4 g6 3. Nc3 Bg7 4. e4 d6 5. Bd3 O-O 6. Nge2 Nc6 7. O-O e5 8. d5 Nd4 9. Rb1 c5 10. dxc6 bxc6 11. b4 Be6 12. Nxd4 exd4 13. Ne2 c5 14. b5 Re8 15. Bg5 h6 16. Bh4 Qc7 17. h3 Nd7 18. f4 Nb6 19. Qc2 f5 20. Ng3 Qf7 21. exf5 gxf5 22. Nxf5 Bxf5 23. Bxf5 Qxc4 24. Qd1 Nd5 25. Bd3 Qxa2 26. Rf2 Nc3 27. Rxa2 Nxd1 28. Bc4+ Kh8 29. Rxd1 Re3 30. f5 Rc3 31. Bd5 Rf8 32. Rf1 Be5 33. Be1 Rc1 34. g4 Rb8 35. Bd2 Rxf1+ 36. Kxf1 Rxb5 37. Ke2 Rb1 38. Bxh6 c4 39. Bxc4 Rh1 40. g5 Rh2+ 41. Kf3 Rxh3+ 42. Kg4 Rc3 43. Be6 d3 44. f6 Rc2 45. Bg7+ Kh7 46. Bf5+ Kg8 47. Rxc2 1-0

[Event "Aeroflot Open"]
[Site "Moscow"]
[Date "2004.02.21"]
[Round "5"]
[White "Graf, Alexander"]
[Black "Kotronias, Vasilios"]
[Result "1/2-1/2"]
[WhiteElo "2629"]
[BlackElo "2598"]
[PlyCount "92"]
[EventDate "2004.02.17"]
[Source "Roberto Alvarez"]
[SourceDate "2004.03.01"]

1. d4 Nf6 2. c4 g6 3. Nc3 Bg7 4. e4 d6 5. Bd3 O-O 6. Nge2 Nc6 7. O-O e5 8. d5 Nd4 9. Bg5 h6 10. Bh4 c5 11. Rb1 Bd7 12. f3 g5 13. Bf2 Nh5 14. b4 b6 15. bxc5 dxc5 16. a4 a5 17. Bxd4 exd4 18. Nb5 Nf4 19. Bc2 Ng6 20. Ng3 Nf4 21. Kh1 Rb8 22. Re1 Be5 23. Nf5 Bxf5 24. exf5 Bf6 25. g3 Nh5 26. Qd3 Qd7 27. f4 Rfe8 28. Re6 fxe6 29. fxe6 Qg7 30. Bd1 g4 31. Bc2 Be7 32. Qf5 Nf6 33. d6 d3 34. Bxd3 Rbd8 35. dxe7 Rxe7 36. Re1 Ne8 37. Be4 Rd2 38. Bd5 Qb2 39. Qxg4+ Ng7 40. Kg1 Rxh2 41. Qf3 Nf5 42. Nc3 Nd4 43. Qg4+ Kh8 44. Rf1 Rd2 45. Qg6 Qxc3 46. Qf6+ Kg8 1/2-1/2

[Event "POL-ch 59th"]
[Site "Warsaw"]
[Date "2002.04.30"]
[Round "2"]
[White "Krasenkow, Michal"]
[Black "Kempinski, Robert"]
[Result "1-0"]
[WhiteElo "2641"]
[BlackElo "2570"]
[PlyCount "119"]
[EventDate "2002.04.29"]
[Source "ChessBase"]
[SourceDate "2002.08.12"]

1. Nf3 Nf6 2. d4 g6 3. c4 Bg7 4. Nc3 O-O 5. e4 c6 6. Bd3 d6 7. O-O Na6 8. Re1 Nc7 9. h3 Ne6 10. Be3 Nd7 11. Bc2 a6 12. Qd2 Rb8 13. d5 Nc7 14. Bh6 f6 15. Nh2 Bxh6 16. Qxh6 Ne5 17. b3 Ne8 18. Qe3 Bd7 19. f4 Nf7 20. Nf3 e5 21. dxe6 Bxe6 22. f5 Bd7 23. Rad1 Kg7 24. c5 Qe7 25. b4 Rd8 26. Bb3 Bc8 27. Bxf7 Rxf7 28. g4 dxc5 29. bxc5 Rxd1 30. Nxd1 Nc7 31. Nf2 Rf8 32. h4 gxf5 33. gxf5 Kh8 34. Nd3 a5 35. Kf2 Na6 36. h5 Qf7 37. Nh4 Rd8 38. Ng6+ Kg7 39. h6+ Kg8 40. Ngf4 Kh8 41. Rg1 Nb4 42. Nxb4 axb4 43. Rg7 Qxa2+ 44. Ne2 Qc4 45. Qg3 Qxc5+ 46. Ke1 Qf8 47. Qc7 Rd7 48. Rxd7 Bxd7 49. Qxd7 b3 50. Nf4 b5 51. Kd1 b2 52. Kc2 b1=Q+ 53. Kxb1 Qb4+ 54. Kc2 Qxe4+ 55. Nd3 Qc4+ 56. Kb2 Qg8 57. Qd6 Qg2+ 58. Kc3 b4+ 59. Qxb4 Kg8 60. Qe7 1-0

[Event "42nd Capablanca Memorial - Elite"]
[Site "L'Avana CUB"]
[Date "2007.05.25"]
[Round "7"]
[White "Nogueiras Santiago, J."]
[Black "Miton, K."]
[Result "0-1"]
[WhiteElo "2552"]
[BlackElo "2653"]
[PlyCount "62"]
[EventDate "2007.05.18"]
[Source "www.chesslib.no"]
[SourceDate "2004.05.04"]

1. Nf3 Nf6 2. c4 g6 3. Nc3 Bg7 4. d4 O-O 5. e4 c6 6. Be2 d5 7. e5 Ne4 8. O-O Nxc3 9. bxc3 dxc4 10. Bxc4 c5 11. Ng5 h6 12. Ne4 cxd4 13. cxd4 Nc6 14. Be3 b6 15. Rc1 Bb7 16. Qg4 Kh7 17. f4 b5 18. Nc5 bxc4 19. Nxb7 Qd5 20. f5 Nb4 21. Nc5 Nd3 22. Nxd3 cxd3 23. Rc7 Rfe8 24. a4 Rab8 25. Rc5 Qa2 26. Qe4 Qe2 27. fxg6+ fxg6 28. Rc6 Rf8 29. Qxg6+ Kh8 30. Qxg7+ Kxg7 31. Bxh6+ Kg8 0-1

[Event "European Club Cup 2002"]
[Site "?"]
[Date "2002.09.27"]
[Round "6.23"]
[White "Sokolov Ivan"]
[Black "Miroshnichenko Evgenij"]
[Result "1-0"]
[WhiteElo "2677"]
[BlackElo "2525"]
[PlyCount "67"]
[EventDate "2002.??.??"]
[Source "www.chesslib.no"]
[SourceDate "2004.05.04"]

1. d4 Nf6 2. c4 g6 3. Nc3 Bg7 4. e4 O-O 5. Bg5 d6 6. Qd2 Nbd7 7. Nge2 a6 8. Ng3 c5 9. d5 Qa5 10. Be2 b5 11. cxb5 Nb6 12. O-O axb5 13. Nxb5 Bd7 14. Nc3 Rfb8 15. Qc2 Ne8 16. Bd2 Qa7 17. b3 Nc7 18. a4 c4 19. bxc4 Nxa4 20. Ra2 Bd4 21. Nxa4 Bxa4 22. Qd3 Qc5 23. Bc3 Bxc3 24. Qxc3 Be8 25. Rxa8 Rxa8 26. Qb2 f6 27. h4 Ra3 28. Kh2 Qa5 29. c5 dxc5 30. d6 Nb5 31. Bxb5 Bxb5 32. dxe7 Kf7 33. Rb1 Be8 34. Qc1 1-0

[Event "United States of America"]
[Site "United States of America"]
[Date "1995.??.??"]
[Round "?"]
[White "Christiansen, Larry M"]
[Black "Nunn, John D M"]
[Result "1/2-1/2"]
[WhiteElo "2570"]
[BlackElo "2630"]
[PlyCount "26"]
[EventDate "1995.??.??"]
[Source "www.chesslib.no"]
[SourceDate "2004.05.04"]

1. d4 Nf6 2. c4 g6 3. Nc3 Bg7 4. e4 d6 5. Bd3 O-O 6. Nge2 Nc6 7. O-O e5 8. d5 Nd4 9. Bc2 Nxc2 10. Qxc2 Nh5 11. Be3 f5 12. exf5 gxf5 13. f4 Bd7 1/2-1/2

[Event "RUS-ch"]
[Site "Elista"]
[Date "1995.??.??"]
[Round "9"]
[White "Rashkovsky, Nukhim N"]
[Black "Epishin, Vladimir"]
[Result "1/2-1/2"]
[WhiteElo "2560"]
[BlackElo "2640"]
[PlyCount "130"]
[EventDate "1995.10.??"]
[Source "ChessBase"]

1. d4 Nf6 2. Nf3 g6 3. c4 Bg7 4. Nc3 O-O 5. e4 c6 6. Be2 d5 7. e5 Ne4 8. O-O Nxc3 9. bxc3 b6 10. a4 Ba6 11. cxd5 Qxd5 12. Ba3 Re8 13. Re1 Bxe2 14. Qxe2 b5 15. Rab1 a6 16. c4 bxc4 17. Rec1 Bh6 18. Rc2 Nd7 19. Qxc4 Rab8 20. Rxb8 Rxb8 21. Qxd5 cxd5 22. h4 Nb6 23. Bxe7 Nc4 24. Ng5 Rb1+ 25. Kh2 Rb2 26. Rc3 Bxg5 27. hxg5 Rxf2 28. Rb3 Rb2 29. Rf3 a5 30. Bc5 Kg7 31. Rf6 Re2 32. Be7 Ne3 33. Ra6 Ng4+ 34. Kg3 h5 35. gxh6+ Nxh6 36. Bf6+ Kh7 37. Ra8 g5 38. Bxg5 Nf5+ 39. Kh3 Nxd4 40. Bf6 Kh6 41. Rxa5 Ra2 42. Ra8 Nc6 43. g4 d4 44. Rg8 Kh7 45. Rg7+ Kh6 46. Kh4 Rh2+ 47. Kg3 Re2 48. Rxf7 Nxe5 49. Bxe5 Rxe5 50. Rd7 Re3+ 51. Kf4 Rd3 52. Ke5 Re3+ 53. Kxd4 Ra3 54. Ra7 Rg3 55. Ra6+ Kh7 56. Ke5 Rxg4 57. Kf5 Rh4 58. Ra7+ Kg8 59. a5 Rh6 60. Re7 Ra6 61. Re5 Kf7 62. Ke4 Rd6 63. Rh5 Ke7 64. Ke5 Ra6 65. Kd4 Kd7 1/2-1/2

[Event "Yerevan (ol)"]
[Site "?"]
[Date "1996.??.??"]
[Round "?"]
[White "Yermolinsky, A."]
[Black "Nikolaidis, I."]
[Result "1-0"]
[WhiteElo "2610"]
[BlackElo "2585"]
[PlyCount "69"]
[EventDate "1996.??.??"]
[Source "ChessBase"]
[SourceDate "1996.10.01"]

1. d4 Nf6 2. c4 g6 3. Nc3 Bg7 4. e4 O-O 5. Bg5 d6 6. Qd2 c5 7. d5 e6 8. Nf3 exd5 9. exd5 a6 10. Be2 Bg4 11. O-O Nbd7 12. h3 Bxf3 13. Bxf3 b5 14. cxb5 axb5 15. Nxb5 Ne5 16. Be2 Ne4 17. Bxd8 Nxd2 18. Be7 Nxf1 19. Bxf8 Kxf8 20. Kxf1 Ke7 21. a4 Ra5 22. b3 Nc4 23. Re1 Nd2+ 24. Kg1 Be5 25. Bd1 Kd7 26. Re2 Nb1 27. Rc2 Rxb5 28. axb5 Nc3 29. Be2 Nxd5 30. Ra2 Nc3 31. Ra7+ Ke6 32. Bd3 Bd4 33. b6 c4 34. Bxc4+ d5 35. Bd3 1-0

[Event "FIDE.com"]
[Site "?"]
[Date "2001.09.30"]
[Round "5"]
[White "Shipov Sergei"]
[Black "Wojtkiewicz Aleksander"]
[Result "1/2-1/2"]
[WhiteElo "2625"]
[BlackElo "2568"]
[PlyCount "90"]
[EventDate "2001.??.??"]
[Source "www.chesslib.no"]
[SourceDate "2004.05.04"]

1. d4 Nf6 2. c4 g6 3. Nc3 Bg7 4. e4 O-O 5. Nf3 c6 6. e5 Ne8 7. Bf4 d6 8. h3 Nd7 9. Be2 dxe5 10. dxe5 Qa5 11. Qa4 Qxa4 12. Nxa4 Nc7 13. Rd1 Ne6 14. Bg3 Ndc5 15. Nxc5 Nxc5 16. Bf4 Bf5 17. Nd4 Ne6 18. Nxe6 Bxe6 19. O-O Rfd8 20. b4 Kf8 21. a4 Rxd1 22. Rxd1 Ke8 23. a5 Rd8 24. Rxd8+ Kxd8 25. Be3 a6 26. f4 f6 27. exf6 Bxf6 28. Kf2 Bc3 29. Bc5 Bd7 30. g4 e5 31. Ke3 Ke8 32. fxe5 Bxe5 33. Ke4 Bc3 34. h4 Kf7 35. Kf4 h6 36. h5 g5+ 37. Kf3 Be6 38. Bd3 Be1 39. Be2 Bc3 40. Ke4 Bd7 41. Kd3 Be1 42. Bd6 Be6 43. Bf3 Bd7 44. Bc5 Be6 45. Bd6 Bd7 1/2-1/2

[Event "Second Amber in Mona"]
[Site "Second Amber in Mona"]
[Date "1993.??.??"]
[Round "?"]
[White "Seirawan, Yasser"]
[Black "Polgar, Judit"]
[Result "1-0"]
[WhiteElo "2595"]
[BlackElo "2595"]
[PlyCount "56"]
[EventDate "1993.??.??"]
[Source "www.chesslib.no"]
[SourceDate "2004.05.04"]

1. d4 Nf6 2. c4 g6 3. Nc3 Bg7 4. e4 d6 5. Bd3 O-O 6. Nge2 Nc6 7. O-O Nd7 8. Be3 e5 9. Bc2 exd4 10. Nxd4 Nde5 11. Bb3 Na5 12. Qe2 c5 13. Ndb5 a6 14. Na3 Nec6 15. Qd2 Be6 16. Rfd1 Qh4 17. Qxd6 Be5 18. g3 Qh3 19. Qxc5 Rab8 20. Nc2 b6 21. Qa3 Bxc3 22. bxc3 Ra8 23. Ne1 Bd7 24. Qc1 Nd4 25. Bg5 Ndxb3 26. Bf6 Bg4 27. Bg5 Nc5 28. Bh6 Qf1+ 1-0